Contro Agorato /

में बचाया:
ग्रंथसूची विवरण
मुख्य लेखक: Lysias (लेखक)
अन्य लेखक: Ammendola, Giuseppe, (1878-1955)
स्वरूप: पुस्तक
भाषा:इतालवी
प्राचीन यूनानी भाषा
प्रकाशित: Livorno : R. Giusti, stampa 1926
संस्करण:2. ed
श्रृंखला:Biblioteca di classici greci commentati per le scuole
टैग: टैग जोड़ें
कोई टैग नहीं, इस रिकॉर्ड को टैग करने वाले पहले व्यक्ति बनें!

MARC

LEADER 00000nam a22000007i 4500
001 IT\ICCU\NAP\0092225
003 ItRI
005 20250727194924.0
008 941019s1926 it |||||| ||||| |||||c
040 |b ita  |c ct 
041 7 |a ita  |a grc  |2 ISO-639-2 
100 0 |a Lysias  |0 IT\ICCU\CFIV\020470  |4 aut 
240 1 0 |a In Agoratum  |9 Lysias 
245 1 0 |a Contro Agorato /  |c Lisia ; con note italiane del prof. Giuseppe Ammendola. 
250 |a 2. ed 
260 |a Livorno :  |b R. Giusti,  |c stampa 1926 
300 |a VIII, 75 p. ;  |c 19 cm. 
700 1 |a Ammendola, Giuseppe,  |d  (1878-1955)  |0 IT\ICCU\SBLV\229223 
830 0 |a Biblioteca di classici greci commentati per le scuole  |0 IT\ICCU\RAV\0090637 
942 |2 ddc  |c BK 
952 |0 0  |1 0  |2 ddc  |4 0  |6 L_CL01LISIACON11  |7 0  |9 7456  |a MI  |b MI  |d 2010-12-29  |i 6060  |l 0  |o L-CL01-LISIA-CON11  |p CDOM6060  |r 2025-07-13 16:28:40  |w 2025-07-13  |x DONO  |y BK 
981 1 |6 z01  |a i   |b xxxe  
982 1 |6 z01  |a n 
999 |c 6154  |d 6154